000 00765cam a2200265 a 4500
001 16498702
005 20180206041617.0
008 101012s2012 maua b 001 0 eng
010 _a 2010939140
020 _a9780495913740 (pbk.)
020 _a049591374X (pbk.)
040 _aDLC
_cDLC
_dDLC
041 _aeng
042 _apcc
043 _an-us---
080 _a320.473 JON
082 0 0 _a320.473 JON
_222
100 1 _a21
101 _aPOL
245 1 4 _aThe promise and performance of American democracy /
_cJon R. Bond, Kevin B. Smith.
504 _aIncludes bibliographical references and indexes.
906 _a7
_bcbc
_corignew
_d2
_eepcn
_f20
_gy-gencatlg
942 _2ddc
_cBK
999 _c41884
_d41884